Energy and environment management (Record no. 241101)
[ view plain ]
| 000 -LEADER | |
|---|---|
| fixed length control field | 01943nam a22002297a 4500 |
| 005 - DATE AND TIME OF LATEST TRANSACTION | |
| control field | 20260401140009.0 |
| 008 - FIXED-LENGTH DATA ELEMENTS--GENERAL INFORMATION | |
| fixed length control field | 260401b |||||||| |||| 00| 0 eng d |
| 020 ## - INTERNATIONAL STANDARD BOOK NUMBER | |
| International Standard Book Number | 9789354668234 |
| 040 ## - CATALOGING SOURCE | |
| Transcribing agency | AL |
| 041 ## - LANGUAGE CODE | |
| Language code of text/sound track or separate title | eng |
| 082 ## - DEWEY DECIMAL CLASSIFICATION NUMBER | |
| Classification number | 333.79 |
| Item number | JAIE |
| 100 ## - MAIN ENTRY--PERSONAL NAME | |
| Personal name | Rakesh Jain |
| 100 ## - MAIN ENTRY--PERSONAL NAME | |
| 9 (RLIN) | 259992 |
| 245 ## - TITLE STATEMENT | |
| Title | Energy and environment management |
| 260 ## - PUBLICATION, DISTRIBUTION, ETC. | |
| Place of publication, distribution, etc. | New Delhi |
| Name of publisher, distributor, etc. | CBS Publishers and Distributors Pvt Ltd |
| Date of publication, distribution, etc. | 2024 |
| 300 ## - PHYSICAL DESCRIPTION | |
| Extent | vii,182p |
| Other physical details | PB |
| Dimensions | 24x17cm |
| 365 ## - TRADE PRICE | |
| Source of price type code | General |
| Price type code | VBI-2645 |
| Price amount | ₹296.25 |
| Currency code | ₹ |
| Unit of pricing | ₹395.00 |
| Price note | 25% |
| Price effective from | 20-02-2026 |
| 520 ## - SUMMARY, ETC. | |
| Summary, etc. | This is a useful resource for the students, practicing engineers, managers and other professionals for getting an insight into energy and environment management which are becoming increasingly important. Energy is essential for survival of the civilization and development of nations. Expenses on energy can be easily monitored to improve profitability.<br/>It is difficult to find a single book on energy and environment management. One of the authors carried out energy and environmental audits for five years. His experience on energy and environmental issues of an oil refinery for ISO 9000 and ISO 14000 certifications helped him in providing over 63 true case studies. Hands-on energy audit, environmental audit, eight years in complex process industry, and a doctorate in communications and feedback skills helped him to cover the above interestingly in this book. He has written seven books and prepared courses on Udemy, world's best online training platform.<br/>The combined knowledge of both the authors, besides their long experience in industry, energy and environmental audits, has added a great value to this book. Their experience of teaching the above subjects in a reputed university has contributed in making this book extremely useful to the reader |
| 650 ## - SUBJECT ADDED ENTRY--TOPICAL TERM | |
| Topical term or geographic name entry element | Machine and Equipment |
| 9 (RLIN) | 259993 |
| 650 ## - SUBJECT ADDED ENTRY--TOPICAL TERM | |
| Topical term or geographic name entry element | Audit Case Studies |
| 9 (RLIN) | 259994 |
| 700 ## - ADDED ENTRY--PERSONAL NAME | |
| Personal name | Gupta, Arvind |
| 9 (RLIN) | 259995 |
| 942 ## - ADDED ENTRY ELEMENTS (KOHA) | |
| Source of classification or shelving scheme | Dewey Decimal Classification |
| Koha item type | Book |
| Withdrawn status | Lost status | Source of classification or shelving scheme | Damaged status | Not for loan | Collection code | Home library | Current library | Date acquired | Source of acquisition | Cost, normal purchase price | Total Checkouts | Full call number | Barcode | Date last seen | Cost, replacement price | Price effective from | Koha item type |
|---|---|---|---|---|---|---|---|---|---|---|---|---|---|---|---|---|---|
| Dewey Decimal Classification | General | St Aloysius Engineering Library | St Aloysius Engineering Library | 03/27/2026 | Vidyarthi Books, Bengaluru-560076 | 296.25 | 333.79 JAIE | SE000392 | 04/01/2026 | 395.00 | 02/20/2026 | Book |